00447nam a2200181Ia 450000500170000000800410001702000180005804000190007604100120009508200160010710000150012324500390013826000340017730000080021165000190021970000170023885000100025520190907124741.0131103s9999 xx 000 0 und d a81-7119-114-2 aLoreto College aEnglish a491.43bRAM aRamprakash aSampreshanmulak HindicRamprakash aNew DelhibRadhakrishnac1992 a94p aHindi language aGupta,Dinesh aLCLIB